| 000 | 00818nam a2200265 i 4500 | ||
|---|---|---|---|
| 003 | DO-SdBNP | ||
| 005 | 20260506132352.0 | ||
| 007 | ta | ||
| 008 | 260506b2026 dr ||||| |||| 00| 0 spa d | ||
| 020 | _a9789945302264 | ||
| 040 |
_aDO-SdBNP _bspa _cBNPHU _erda |
||
| 041 | _aspa | ||
| 082 | 4 |
_axxx _bxxx _222 |
|
| 100 |
_aDeLaRosa, Germán A., _eautor _4aut. _989479 |
||
| 245 | 1 | 3 |
_aLa perdida...mi gran maestra : _bhabitar la ausencia sin domesticarla / _cGermán A. DeLaRosa |
| 250 | _aprimera edición | ||
| 264 | 4 |
_aMiami : _bProyecto Tripode Ediciones LLC, _c©2026. |
|
| 300 |
_axiii, 253 páginas ; _c22 cm. |
||
| 336 |
_atexto _btxt _2rdacontent |
||
| 337 |
_asin mediación _bn _2rdamedia |
||
| 338 |
_avolumen _bnc _2rdacarrier |
||
| 590 | _aInventariado, 2026/BT | ||
| 910 | _aBtavárez | ||
| 942 |
_2ddc _cLBS1 |
||
| 999 |
_c60677 _d60677 |
||